000 00980nam a2200253 a 4500
001 BRCA_8657
005 20190320210346.0
008 111016s2012----mx-a######---#000-0#spa-#
020 _a9786070059261
041 _aspa
044 _amx
050 4 _aNA9415.M6
_b.H85 2012
100 1 _aHume Santa Coloma, José Eduardo
_921591
245 1 0 _aLas fuentes de la Ciudad de México
_cJ. Eduardo Hume SC ; introducción Rita Holmbaeck Rasmussen ; coordinación editorial Cristina Elguero H.
260 _aMéxico
_bJosé Eduardo Hume Santa Coloma
_c2012
300 _a125 p.
_bil. (algunas a color)
_c32 cm.
504 _aBibliografía : p. 122
650 1 4 _aFuentes
_vTrabajos Ilustrados
_zMéxico
_921592
650 1 4 _aAbastecimiento de agua
_xHistoria
_zMéxico
_921593
651 4 _aCiudad de México (México)
_vTrabajos Ilustrados
_xEdificios, estructuras, etc.
_921594
700 1 _aHolmbaeck Rasmussen, Rita
_921595
700 1 _aElguero Hume, Cristina
_921596
942 _2lcc
_cB
999 _c8316
_d8316